གནས་ཡིག་ཀུན་ཕན་ལམ་སྟོན། སྤུ་ན་ཁ་དང་མགར་ས་རྫོང་གཁ། (Record no. 8052)

MARC details
000 -LEADER
fixed length control field 00587nam a22001457a 4500
008 - FIXED-LENGTH DATA ELEMENTS--GENERAL INFORMATION
fixed length control field 190705b ||||| |||| 00| 0 eng d
020 ## - INTERNATIONAL STANDARD BOOK NUMBER
International Standard Book Number 9789993693543
082 ## - DEWEY DECIMAL CLASSIFICATION NUMBER
Classification number 954.98 D69e 2017
100 ## - MAIN ENTRY--PERSONAL NAME
Personal name བསྟན་འཛིན་རྡོ་རྗེ།
245 ## - TITLE STATEMENT
Title གནས་ཡིག་ཀུན་ཕན་ལམ་སྟོན། སྤུ་ན་ཁ་དང་མགར་ས་རྫོང་གཁ།
Remainder of title གླེགས་བམ་༡༠ པ།
260 ## - PUBLICATION, DISTRIBUTION, ETC.
Place of publication, distribution, etc. Thimphu ;
Name of publisher, distributor, etc. Department of Culture,
Date of publication, distribution, etc. 2017.
300 ## - PHYSICAL DESCRIPTION
Extent xxx, 274 p.
Dimensions 21 cm.
700 ## - ADDED ENTRY--PERSONAL NAME
Personal name Ugyen Tenzin
942 ## - Added entry Elements (Koha)
Source of classification or shelving scheme Dewey Decimal Classification
Holdings
Withdrawn status Lost status Source of classification or shelving scheme Damaged status Not for loan Collection code Home library Current library Shelving location Date acquired Serial Enumeration / chronology Total Checkouts Full call number Barcode Date last seen Copy number Price effective from Koha item type Date last checked out
    Dewey Decimal Classification     Dzongkha RTC Library RTC Library Dzongkha 05/07/2019 13941   954.98 DOR 30013882 05/07/2019 1 05/07/2019 Dzongkha  
    Dewey Decimal Classification     Dzongkha RTC Library RTC Library Dzongkha 05/07/2019 13940 1 954.98 DOR 30013891 05/03/2026 2 05/07/2019 Dzongkha 24/11/2025
Royal Thimphu College || All Right Reserved